| 000 | 00839nam a2200301 a 4500 | ||
|---|---|---|---|
| 003 | AR-BaBNM | ||
| 005 | 20251128210913.0 | ||
| 008 | 082120s2002 ||||||||||||||000 | spa|| | ||
| 020 | _a950-739-674-8 | ||
| 040 | _cAR-BaBNM | ||
| 100 | 1 | _aGarcía Lorca, Federico | |
| 245 | 0 | 0 |
_aLunas, penas y gitanos _bantología poética y conferencia sobre las nanas infantiles |
| 260 |
_aBuenos Aires _bErrepar _c1999 |
||
| 300 | _a156 p. | ||
| 490 | 0 |
_aClásicos de bolsillo _vv. 15 |
|
| 650 | 4 | _aLITERATURA ESPAÑOLA | |
| 650 | 4 | _aPOESIA | |
| 650 | 4 | _aCOSTUMBRES Y TRADICIONES | |
| 650 | 4 | _aLITERATURA FOLKLORICA | |
| 650 | 4 | _aENSAYO | |
| 653 | _aROMANCES | ||
| 653 | _aGENERACION DE 1927 | ||
| 653 | _aCANCIONEROS | ||
| 655 | _aLITERATURA | ||
| 700 | 1 |
_aArrizabalaga, Delia Nilda _ecompilador |
|
| 942 | _cBK | ||
| 998 | _cMARTIN | ||
| 999 |
_c17384 _d17384 |
||